Monika Gatzke: Kyberneticko-fyzikálne systémy sú kľúčom k Priemyslu 4.0

Rozhovor s Monikou Gatzke, riaditeľkou kompetenčného centra (Competence Center for Cyber-Physical Systems CPS), ktoré sa zaoberá kyberneticko-fyzikálnymi systémami v Severnom Porýní-Vestfálsku (Nemecko).

Salvato in:
Dettagli Bibliografici
Autore principale: Gatzke, Monika
Natura: Capitolo di libro
Lingua:slovacco
tedesco
Soggetti:
Tags: Aggiungi Tag
Nessun Tag, puoi essere il primo ad aggiungerne!!

MARC

LEADER 00000naa a2200000 4500
001 0221795
005 20231208114805.4
041 0 |a slo 
041 0 |a ger 
044 |a SK 
245 1 0 |a Monika Gatzke: Kyberneticko-fyzikálne systémy sú kľúčom k Priemyslu 4.0  |c Monika Gatzke 
500 |a Rozhovor aj v originálnom znení s. 15-16 
520 |a Rozhovor s Monikou Gatzke, riaditeľkou kompetenčného centra (Competence Center for Cyber-Physical Systems CPS), ktoré sa zaoberá kyberneticko-fyzikálnymi systémami v Severnom Porýní-Vestfálsku (Nemecko). 
610 2 0 |a rozhovor 
610 2 0 |a riaditelia 
610 2 0 |a inžinierstvo znalostné 
610 2 0 |a veda systémová 
610 2 0 |a kybernetika 
610 2 0 |a technológie informačné 
610 2 0 |a technológie komunikačné 
100 1 |a Gatzke, Monika